000 00357nam a2200145Ia 4500
008 230917s9999||||xx |||||||||||||| ||und||
040 _e135993
_aMAIN
041 _aEnglish
082 _a330.954 S64N
100 _aJogdand, P.G.
245 0 _aEconomic policy and dalits
260 _aJaipur
_bRawat Publications
_c2000
300 _a342p p.
942 _cBK
999 _c136164
_d136164